Current Spanish NBA players - Statistics

General Stats
  • This quiz has been taken 17 times
  • The average score is 4 of 5
Answer Stats
Position Player % Correct
C Marc Gasol
100%
G Ricky Rubio
94%
F Juancho Hernangomez
69%
C Serge Ibaka
69%
C Willy Hernangomez
69%
No matching quizzes found
Score Distribution
Percent of People with Each Score
Percentile by Number Answered
Your Score History
You have not taken this quiz